000 02289nam0a2200421 4500
001 RU\NLR\bibl\1768468
005 20260406165126.0
010 _a978-5-89118-537-1
_9500
021 _aRU
_b2011-30852
_92194
035 _a(nilc)RSL-KNO-004935024
035 _a(NLR Aleph) 001759257
090 _a1567940
_c1567940
100 _a20110503d2010 |||y0rusy50 ca
101 0 _arus
102 _aRU
105 _aa |||||||||
200 1 _aПочвенные ресурсы России
_eпочвенно-географическая база данных
_f[Сергей Алексеевич Шоба, Ирина Олеговна Алябина, Варвара Михайловна Колесникова и др.
_gпод ред. акад. Г.В. Добровольского]
_gМГУ им. М.В. Ломоносова, Фак. почвоведения, Россельхозакадемия, Почвен. ин-т им. В.В. Докучаева
210 _aМосква
_cГЕОС
_d2010
215 _a121 с., XII с. цв. карт.
_cил.
_d24
300 _aАвт. указаны в вып. дан.
320 _aБиблиогр.: с. 94-100 (109 назв.)
606 1 _aПочвы
_xГеографические исследования
_xБазы данных
_yРоссийская Федерация
_92628748
_3RU\NLR\auth\661565308
686 _aП03,0
_2rubbk
686 _aП9(2Р)03,0
_2rubbk
686 _aП035(2Р)
701 1 _4070
_8rus
_7ca
_aШоба
_bС. А.
_cд-р биол. наук
_gСергей Алексеевич
_3RU\NLR\AUTH\77103276
_986202
701 1 _aАлябина
_bИ. О.
_gИрина Олеговна
_4070
701 1 _aКолесникова
_bВ. М.
_gВарвара Михайловна
_4070
702 1 _4340
_aДобровольский
_bГ. В.
_cд-р биол. наук
_f1915-2013
_gГлеб Всеволодович
_9193471
_3RU\NLR\AUTH\770193522
712 0 2 _4570
_aМГУ им. М. В. Ломоносова
_bФакультет почвоведения
_3RU\NLR\AUTH\889936550
_9367906
801 0 _aRU
_bRuMoRKP
_c20110503
_grcr
801 1 _aRU
_bРГБ
_c20110503
801 2 _aRU
_bNLR
_c20110512
_grcr
830 _aАвт. по кн., ред. по ЭК.
942 _cBOOK
980 _aNB